000 00554nam a2200193Ia 4500
005 20250508153101.0
008 008 250505s9999 xx 000 0 hin d
037 _aTextual
040 _aFEDL
_beng
_cFEDL
041 _ahin
_2eng
084 _a370.9, SHA
_qFEDL
100 _aSharma Chandrika Prasad
245 0 _aPaschatya shiksha ka itihas evam pramukh shiksha - shastri
260 _aLucknow, India
_bMalviya Prakashan
_c1962
300 _a204p
650 _aEducation
942 _cTEXL
_h370.9, SHA
999 _c1340602
_d1340602